000
00214 a2200097 4500
001
25671
100
_a
Iqbal Allama Muhammad
245
_a
Israr-o-Ramooz
260
_a
_b
Sh Ghulam Ali
_c
1964
090
_c
17365
_d
17365
942
_a
NUST-CAE
_c
M
_c
8186
999
_c
260744
_d
260744